000 01231nam1a2200289 4500
001 rc\3059373
005 20250807185959.0
035 _a(NLR Aleph) 007198209
090 _a1146
_c1146
100 _a20250807 rusy50
101 0 _arus
102 _aRU
105 _a| g |||||
200 1 _aДетский календарь
210 _aМосква
_cиздание Полиграфической фабрики Московрецкого Райпромтреста
_d1942-1959
215 _d28
300 _aС вып. 1951 г. общ. загл. обл.: Детский календарь на ... год
300 _aС вып. 1958 г. общ. загл. и подзаг.: Детский мир : календарь игр и занятий на ... год
309 _aБез тит. л. Описано по обл.
517 1 _aДетский мир
_eкалендарь игр и занятий на ... год
517 1 _aДетский календарь на ... год
852 _aNLR
_jШифры разные
942 _cBOOK
945 _aРоссийская национальная библиотека
980 _aNB
980 _aBV